000 00424nam a22001577a 4500
005 20250227104626.0
008 250227b |||||||| |||| 00| 0 eng d
020 _a9781858053103
050 _aHF5635
_bBLA
100 _aBlack, Geoff
245 _aStudents's guide to accounting and financial reporting standards
250 _a6th
260 _aLondon
_bLetts Educational
_c1997
300 _avii, 280p
942 _2lcc
_cBK
_n0
999 _c4409
_d4409